| 000 | 00576nam a2200181 a 4500 | ||
|---|---|---|---|
| 005 | 20220524063640.0 | ||
| 008 | 991125s1968 ag 000 0 spa u | ||
| 035 | _aUPN01000037366 | ||
| 049 | _aCG | ||
| 050 | 4 |
_aLB1645 _bK5.48 |
|
| 100 | 1 | _aKinsella, John J. | |
| 245 | 1 | 4 |
_aLas matemáticas en la escuela secundaria / _cJohn J. Kinsella ; tr. de Enrique Molina de Vedia. |
| 260 |
_aBuenos Aires : _bTroquel, _c1968. |
||
| 300 | _a136 p. | ||
| 440 | 0 | _aBiblioteca de la nueva educación | |
| 650 | 4 |
_aMatemáticas _xEstudio y enseñanza (Secundaria) _94860 |
|
| 905 | _aLibro | ||
| 999 |
_c37366 _d37366 |
||